000 005970000a22002050004500
003 LK-CoMWRAF
005 20230911213347.0
008 230817t2001 ||||| |||| 00| 0 eng d
020 _a955625014X
040 _aLK-CoMWRAF
_dLK-CoMWRAF
_eLK-CoMWRAF
041 _aeng
082 _a346.029
_bMAR
100 _aMarsoof, Saleem
245 _aThe Quazi court system in Sri Lanka and its impact on Muslim women
260 _aColombo :
_bMuslim Women's research and action forum,
_c2001
300 _a85p. ; 22cm
650 _aIslamic law-Muslim women
650 _aQuazi court system
942 _cBK
999 _c195
_d195